Open Data Biblioteca Nacional de Portugal


República Portuguesa: Ministério da Cultura
Biblioteca Nacional de Portugal

Catálogo da BNP: acesso por Identificadores Unívocos
Registos Bibliográficos associados ao registo de autoridade

Etiqueta de registo: 00000nkm 2200025 450
001 2278033
003 http://id.bnportugal.gov.pt/bib/catbnp/2278033
100 ## $a20260309d1981 m y0pory01030103ba
101 0# $apor
102 ## $aPT
200 1# $aMosteiro da Batalha, fotografias de Mários Novais, exposiçao temporária, 8 de agosto de 31 de outubro 1981$bVisual gráfico]$fMuseu do Mosteiro de Santa Maria da Vitória (Batalha]$gfotografia de Mários Novais
210 #9 $aBatalha$cMuseu do Mosteiro de Santa Maria da Vitória,$d1981$e[s.l.] :$gGráf. MAP )
215 ## $a1 cartaz$ccolor.$d68x48 cm
317 ## $aColeção Madeira Luís
702 #1 $aNovais,$bMário$4600$31003469
710 01 $aPortugal.$bMuseu do Mosteiro de Santa Maria da Vitória$359470
801 #0 $aPT$bBN$gRPC
966 ## $lBN$mICONOG$sCT. 23856 A.$x3
971 ## $cCaticonografia7$d20260309
995 ## $aPRR2026

OpendataBNP@bnportugal.pt | Mais informação sobre acesso aos dados BNP